|
|
|
|
| LEADER |
00000nab a2200000 a 4500 |
| 001 |
vtls000268940 |
| 003 |
SK-MaSNL |
| 005 |
20260304065011.0 |
| 008 |
250422c1986 xo 0 slo |
| 015 |
|
|
|a SNBRB19rr/mm-uuuuu
|
| 035 |
|
|
|a CL0279054
|
| 035 |
|
|
|a urn:nbn:sk:snk-abbgk6
|
| 035 |
|
|
|a (urnnbn)urn:nbn:sk:snk:ar-005cuq
|
| 035 |
|
|
|a (uuid)5373d10d-7a45-4ccb-ba74-9f76a11cc51a
|
| 040 |
|
|
|a SNKBUCL
|b slo
|c SNKBUCL
|e AACR2
|
| 041 |
0 |
|
|a slo
|
| 044 |
|
|
|a xo
|c SK
|
| 080 |
|
|
|a 621-051
|2 1981
|
| 080 |
|
|
|a 378.124
|2 1981
|
| 080 |
|
|
|a 929 Buda, Ján
|2 1981
|
| 245 |
0 |
0 |
|a Šesťdesiatka profesora Jána Budu
|
| 300 |
|
|
|b Obr. 1.
|
| 600 |
1 |
7 |
|a Buda, Ján,
|d 1926-2021
|2 snkbucl
|9 201483
|
| 655 |
|
7 |
|a články z novín a časopisov
|2 snkbucl
|9 267496
|
| 773 |
0 |
|
|t Technická práca
|g Roč. 38, č. 9 (1986), s. 50
|
| 850 |
|
|
|a Slovenská národná knižnica
|
| 852 |
|
|
|a Slovenská národná knižnica
|
| 954 |
|
|
|a odborná, vedecká literatúra pôvodná (slovenská)
|2 lita
|
| 958 |
|
|
|a article15
|
| 958 |
|
|
|a BX
|
| 958 |
|
|
|a RK
|
| 958 |
|
|
|a OND
|
| 958 |
|
|
|a EUIPO
|
| 992 |
|
|
|a RBX
|
| 999 |
|
|
|c 2748871
|d 2750801
|